Normal view
MARC view
Entry Personal Name
001 - CONTROL NUMBER
- control field: 1014
003 - CONTROL NUMBER IDENTIFIER
- control field: BD-DhUIB
005 - DATE AND TIME OF LATEST TRANSACTION
- control field: 20251014153307.0
008 - FIXED-LENGTH DATA ELEMENTS
- fixed length control field: 251014|| aca||aabn | a|a d
040 ## - CATALOGING SOURCE
- Original cataloging agency: BD-DhUIB
- Transcribing agency: BD-DhUIB
100 ## - HEADING--PERSONAL NAME
- Personal name: Sufian, Abu Jafar Mohammad
670 ## - SOURCE DATA FOUND
- Source citation: Work cat.: (BD-DhUIB)558: Sufian, Abu Jafar Mohammad., Mehods and techniques of social research/
